Normal view
MARC view
- International Law Book Services.
Entry Corporate Name
001 - CONTROL NUMBER
- control field: 4412
003 - CONTROL NUMBER IDENTIFIER
- control field: OSt
005 - DATE AND TIME OF LATEST TRANSACTION
- control field: 20170515121020.0
008 - FIXED-LENGTH DATA ELEMENTS
- fixed length control field: 170515|| aca||aabn | a|a d
040 ## - CATALOGING SOURCE
- Original cataloging agency: OSt
- Transcribing agency: OSt
110 ## - HEADING--CORPORATE NAME
- Corporate name or jurisdiction name as entry element: International Law Book Services.
- Subordinate unit: Legal Research Board.
670 ## - SOURCE DATA FOUND
- Source citation: Work cat.: (OSt): Kuasa-kuasa Polis Di Raja Malaysia /, 1992

PORTAL AKMAL
E-MEL JKDM
AKMAL2U
G-BAM
u-PUSTAKA